| 000 | 00669nam a2200205Ia 4500 | ||
|---|---|---|---|
| 005 | 20260429112337.0 | ||
| 008 | 260429s9999||||xx |||||||||||||| ||und|| | ||
| 020 | _a9788183615716 | ||
| 041 | _aHindi | ||
| 082 |
_a891.433 _bSHI |
||
| 100 | _aशिवानी, गौरा पन्त | ||
| 245 | 0 |
_aसम्पूर्ण कहानियाँ / _cगौरा पन्त शिवानी |
|
| 250 | _a2nd ed. | ||
| 260 |
_aप्रयागराज : _bराधाकृष्ण प्रकाशन, _c2018. |
||
| 300 | _a518 p.; hb | ||
| 440 | _vVol. 2 | ||
| 650 | _aStories | ||
| 700 | _a पांडे, मृणाल | ||
| 942 | _cTB | ||
| 999 |
_c53603 _d53603 |
||